000 00302nam a2200109 4500
008 160702b xxu||||| |||| 00| 0 eng d
100 _91793
_a Goel, V
245 _aWomen Poets of India an Anthology
260 _aNew Delhi
_bArya
_c2004
300 _aWomen Poets of India an Anthology
942 _2ddc
_cBK
999 _c1496
_d1496